Compassionate landscape / (Record no. 1378)
[ view plain ]
| 000 -CABECERA | |
|---|---|
| campo de control de longitud fija | 00586pam a22001937a 4500 |
| 001 - NÚMERO DE CONTROL | |
| campo de control | 000001470 |
| 005 - FECHA Y HORA DE LA ÚLTIMA TRANSACCIÓN | |
| campo de control | 20200929145604.0 |
| 008 - DATOS DE LONGITUD FIJA--INFORMACIÓN GENERAL | |
| campo de control de longitud fija | 750708s1975 xxcac 001 0 eng |
| 020 ## - NÚMERO INTERNACIONAL ESTÁNDAR DEL LIBRO | |
| Número Internacional Estándar del Libro | 0802021867 : |
| 020 ## - NÚMERO INTERNACIONAL ESTÁNDAR DEL LIBRO | |
| Número Internacional Estándar del Libro | 0802062695 |
| 040 ## - FUENTE DE LA CATALOGACIÓN | |
| Centro catalogador/agencia de origen | DO-SdBNP |
| Lengua de catalogación | spa |
| Centro/agencia modificador | BNPHU |
| 050 00 - SIGNATURA TOPOGRÁFICA DE LA BIBLIOTECA DEL CONGRESO | |
| Número de clasificación | HT166.C32 |
| Número de documento/Ítem | A33 |
| 082 ## - NÚMERO DE LA CLASIFICACIÓN DECIMAL DEWEY | |
| Número de clasificación | 712 |
| Número de documento/Ítem | C331 |
| 100 1# - ENTRADA PRINCIPAL--NOMBRE DE PERSONA | |
| Nombre de persona | Carver, Humphrey, |
| Fechas asociadas al nombre | 1902- |
| 9 (RLIN) | 4865 |
| 245 10 - MENCIÓN DE TÍTULO | |
| Título | Compassionate landscape / |
| Mención de responsabilidad, etc. | Humphrey Carver. |
| 260 ## - PUBLICACIÓN, DISTRIBUCIÓN, ETC. | |
| Lugar de publicación, distribución, etc. | Toronto, Canadá : |
| Nombre del editor, distribuidor, etc. | University of Toronto Press, |
| Fecha de publicación, distribución, etc. | 1975. |
| 300 ## - DESCRIPCIÓN FÍSICA | |
| Extensión | viii, 251 p. : |
| Otras características físicas | il, retrs. ; |
| Dimensiones | 23 cm. |
| 600 10 - PUNTO DE ACCESO ADICIONAL DE MATERIA--NOMBRE DE PERSONA | |
| Nombre de persona | Carver, Humphrey, |
| Fechas asociadas al nombre | 1902- |
| 9 (RLIN) | 4865 |
| Estado de retiro | Estado de pérdida | Restricciones de uso | No para préstamo | Código de colección | Localización permanente | Ubicación/localización actual | Ubicación en estantería | Fecha de adquisición | Número de inventario | Total de préstamos | Signatura topográfica completa | Código de barras | Fecha visto por última vez | Precio válido a partir de | Tipo de ítem Koha |
|---|---|---|---|---|---|---|---|---|---|---|---|---|---|---|---|
| Préstamo interno | Monografías: Libros y Folletos | General | General | Depósito | 22.09.2009 | LF1 | 712 C331 | 1470-10 | 25.06.2020 | 25.06.2020 | Préstamo interno |
